Wireless and cellular telecommunications

Сохранить в:
Библиографические подробности
Главный автор:  Lee, William C. Y
Формат: Sách
Язык:Undetermined
Опубликовано:  McGraw-Hill  2006
Предметы:
Метки: Добавить метку
Нет меток, Требуется 1-ая метка записи!
Thư viện lưu trữ: Trung tâm Thư viện - Trường Đại học Công nghiệp TP. Hồ Chí Minh
LEADER 00516nam a2200157Ia 4500
001 UIH_05360
008 231011s9999 xx 000 0 und d
082 |a  621.38 
100 |a  Lee, William C. Y 
245 0 |a  Wireless and cellular telecommunications 
245 0 |c  Lee, William C. Y 
260 |b  McGraw-Hill 
260 |c  2006 
650 |a  Mạng viễn thông; Thông tin di động;  
927 |a Sách 
980 |a Trung tâm Thư viện - Trường Đại học Công nghiệp TP. Hồ Chí Minh